000 00656nam a2200253 a 4500
001 adlib96000001
003 ViArRB
005 200902210153555.7
008 960221s1955 dcuabcdjdbkoqu001 0deng d
020 _a
022 _a
040 _aAdlib
082 _a159.9
245 _aThe Enigma of the Mind
250 _a
260 _aNederland
_bTime-Life International
_c1977
300 _a176 p
_c
500 _a
100 _a
_e
700 _a
_a
942 _cREF
653 _aPsychology:
_aPsychology
_aproblem solving
_aBrain
952 _w2010-06-16
_p00013531
_r2010-06-16
_40
_00
_bUL
_10
_o159.9 TIM-E
_d2010-06-16
_70
_yREF
_aUL
999 _c34689
_d34688